| 000 | 00324nam a22001217a 4500 | ||
|---|---|---|---|
| 020 | _a0-8247-2265-5 | ||
| 082 | _a004.03 ENC'B | ||
| 100 |
_aBELZER JACK _974809 |
||
| 245 | _aENCYCLOPEDIA OF COMPUTER SCIENCE AND TECHNOLOGY VOLUME - 15 SUPPLEMENT | ||
| 260 |
_aNEWYORK _bMARCELL DEKKER _c1981 |
||
| 300 | _a351P | ||
| 942 | _cBK | ||
| 999 |
_c580307 _d580307 |
||